Windows 3 Secrets (Record no. 180509)
[ view plain ]
| 000 -LEADER | |
|---|---|
| fixed length control field | 00613 a2200181 4500 |
| 003 - CONTROL NUMBER IDENTIFIER | |
| control field | Nust |
| 005 - DATE AND TIME OF LATEST TRANSACTION | |
| control field | 20170207153150.0 |
| 020 ## - INTERNATIONAL STANDARD BOOK NUMBER | |
| International Standard Book Number | 8185623465 |
| 040 ## - CATALOGING SOURCE | |
| Transcribing agency | Nust |
| 082 ## - DEWEY DECIMAL CLASSIFICATION NUMBER | |
| Classification number | 005.42 |
| 100 ## - MAIN ENTRY--PERSONAL NAME | |
| Personal name | Livingston ,Brian |
| 245 ## - TITLE STATEMENT | |
| Title | Windows 3 Secrets |
| Statement of responsibility, etc. | Brian Livingston |
| 260 ## - PUBLICATION, DISTRIBUTION, ETC. | |
| Place of publication, distribution, etc. | New Delhi |
| Name of publisher, distributor, etc. | Galgotia Pub |
| 300 ## - PHYSICAL DESCRIPTION | |
| Extent | 1992 |
| Other physical details | 832:p |
| 505 ## - FORMATTED CONTENTS NOTE | |
| Formatted contents note | Read The First (Page-1), Customizing Your Windows Start-UP (Page-13), Secrets of the Windows Applets (Page-59), Secrets of the Windows Applications (Page-93), Secrets of DOS Under Windows (Page-137) |
| 538 ## - SYSTEM DETAILS NOTE | |
| System details note | Almirah No 7, Shelf No 3 |
| 650 ## - SUBJECT ADDED ENTRY--TOPICAL TERM | |
| Topical term or geographic name entry element | Windows 3 Secrets |
| 942 ## - ADDED ENTRY ELEMENTS (KOHA) | |
| Source of classification or shelving scheme | |
| Koha item type | Book |
| Withdrawn status | Lost status | Source of classification or shelving scheme | Damaged status | Not for loan | Collection code | Permanent Location | Current Location | Date acquired | Total Checkouts | Full call number | Barcode | Date last seen | Price effective from | Koha item type |
|---|---|---|---|---|---|---|---|---|---|---|---|---|---|---|
| Military College of Signals (MCS) | Military College of Signals (MCS) | 12/12/2016 | 005.42 LIV | MCS320 | 12/08/2016 | 12/12/2016 | Book |
